[Event "CP-2010-S-00003"]
[Site "LSS email"]
[Date "2013.05.01"]
[Round "?"]
[White "Percze, Rajmond"]
[Black "Narkun, Michal"]
[Result "1-0"]
[WhiteElo "2336"]
[BlackElo "2289"]
[PlyCount "63"]
[EventDate "2013.05.05"]
[EventType "tourn (corr)"]
[EventRounds "7"]
[EventCountry "GER"]
[SourceTitle "Telechess CBM 167"]
[Source "ChessBase"]
[SourceDate "2015.07.13"]
[SourceVersion "1"]
[SourceVersionDate "2015.07.13"]
[SourceQuality "1"]

1. e4 e6 2. d4 d5 3. Nc3 Nf6 4. e5 Nfd7 5. f4 c5 6. Nf3 Nc6 7. Be3 Be7 8. Qd2 0-0 9. dxc5 Nxc5 10. 0-0-0 Bd7 11. Kb1 b5 12. f5 b4 13. Bxc5 bxc3 14. Qxc3 Rc8 15. Ba6 Bxc5 16. Qxc5 Rc7 17. Qa3 Bc8 18. Bxc8 Rxc8 19. Rhe1 Qb6 20. f6 Rb8 21. b3 Rfc8 22. Qc1 Qb4 23. a3 Qg4 24. Rd3 Qg6 25. Qd2 a5 26. Re2 a4 27. b4 Qg4 28. Nd4 Nxd4 29. Rxd4 Qh5 30. Rd3 Rc4 31. Rh3 Qg6 32. Ree3 1-0

[Event "CP-2010-S-00003"]
[Site "LSS email"]
[Date "2013.05.01"]
[Round "?"]
[White "Percze, Rajmond"]
[Black "Van Seben, Edgar"]
[Result "1/2-1/2"]
[WhiteElo "2336"]
[BlackElo "2391"]
[PlyCount "33"]
[EventDate "2013.05.05"]
[EventType "tourn (corr)"]
[EventRounds "7"]
[EventCountry "GER"]
[SourceTitle "Telechess CBM 167"]
[Source "ChessBase"]
[SourceDate "2015.07.13"]
[SourceVersion "1"]
[SourceVersionDate "2015.07.13"]
[SourceQuality "1"]

1. e4 c5 2. Nf3 d6 3. Bb5+ Bd7 4. Bxd7+ Qxd7 5. c4 Nf6 6. Nc3 g6 7. d4 cxd4 8. Nxd4 Bg7 9. f3 0-0 10. Be3 Nc6 11. Rc1 a6 12. Na4 Qc7 13. 0-0 Nd7 14. b3 Nxd4 15. Bxd4 Bxd4+ 16. Qxd4 Rfc8 17. Nc3 1/2-1/2

[Event "WC-2015-Q-00003"]
[Site "LSS email"]
[Date "2012.09.11"]
[Round "?"]
[White "Bendig, Frank"]
[Black "Percze, Rajmond"]
[Result "0-1"]
[WhiteElo "2148"]
[BlackElo "2334"]
[PlyCount "140"]
[EventDate "2012.09.17"]
[EventType "tourn (corr)"]
[EventRounds "10"]
[EventCountry "GER"]
[SourceTitle "Telechess CBM 167"]
[Source "ChessBase"]
[SourceDate "2015.07.13"]
[SourceVersion "1"]
[SourceVersionDate "2015.07.13"]
[SourceQuality "1"]

1. d4 Nf6 2. Nf3 d5 3. e3 c5 4. Bd3 Nc6 5. b3 Bg4 6. Bb2 e6 7. Nbd2 cxd4 8. exd4 Bd6 9. 0-0 0-0 10. c4 Bf4 11. Re1 Qc7 12. Qb1 Nb4 13. g3 Bh6 14. a3 Nxd3 15. Qxd3 dxc4 16. Nxc4 Bf5 17. Qe2 b5 18. Ne3 Bxe3 19. Qxe3 Rfc8 20. Rac1 Qb7 21. Ne5 b4 22. a4 Be4 23. f3 Bd5 24. Rc5 a6 25. Qd3 Nd7 26. Nxd7 Qxd7 27. Rec1 a5 28. Kf2 f6 29. h4 Qe8 30. Rb5 g5 31. Rbc5 Rd8 32. hxg5 Qh5 33. Kg2 fxg5 34. Rh1 Qf7 35. Bc1 Rf8 36. Kg1 Qg7 37. Rh5 h6 38. f4 gxf4 39. Rh4 Qxg3+ 40. Qxg3+ fxg3 41. Rg4+ Kf7 42. Bxh6 Rg8 43. Rc7+ Kf6 44. Bg7+ Kf5 45. Rxg3 Rac8 46. Rf7+ Ke4 47. Rf2 Rc1+ 48. Kh2 Rxg7 49. Rxg7 Kxd4 50. Rd7 Rc5 51. Rf3 Rc2+ 52. Kh3 Rc3 53. Rg3 Rxg3+ 54. Kxg3 Kc3 55. Ra7 Bxb3 56. Rxa5 Bc4 57. Kf4 b3 58. Re5 b2 59. Re1 Ba2 60. a5 Kd4 61. Rd1+ Kc5 62. a6 Kb6 63. a7 Kxa7 64. Ke5 Kb6 65. Re1 Kc5 66. Rd1 Kb4 67. Re1 Kc3 68. Rd1 Kc2 69. Rf1 b1Q 70. Rxb1 Kxb1 0-1

[Event "WC-2015-Q-00003"]
[Site "LSS email"]
[Date "2012.09.11"]
[Round "?"]
[White "Percze, Rajmond"]
[Black "Bendig, Frank"]
[Result "1/2-1/2"]
[WhiteElo "2334"]
[BlackElo "2148"]
[PlyCount "70"]
[EventDate "2012.09.17"]
[EventType "tourn (corr)"]
[EventRounds "10"]
[EventCountry "GER"]
[SourceTitle "Telechess CBM 167"]
[Source "ChessBase"]
[SourceDate "2015.07.13"]
[SourceVersion "1"]
[SourceVersionDate "2015.07.13"]
[SourceQuality "1"]

1. d4 Nf6 2. c4 g6 3. Nc3 d5 4. Nf3 Bg7 5. cxd5 Nxd5 6. e4 Nxc3 7. bxc3 c5 8. Rb1 0-0 9. Be2 cxd4 10. cxd4 Qa5+ 11. Bd2 Qxa2 12. 0-0 Bg4 13. Bg5 Qe6 14. Rxb7 Qxe4 15. d5 Nd7 16. h3 Bf5 17. Nh4 Rfb8 18. Rxb8+ Rxb8 19. Bf3 Qb4 20. Nxf5 gxf5 21. Qc2 h6 22. Bc1 f4 23. Rd1 Ne5 24. Be4 a5 25. Bxf4 a4 26. d6 exd6 27. g3 a3 28. Bd5 Qb2 29. Qf5 Rf8 30. Rb1 Qd4 31. Rb5 Qa4 32. Be4 Ng6 33. Ra5 Qb4 34. Be3 Be5 35. Bd5 Qe1+ 1/2-1/2

[Event "CP-2010-Q-00009"]
[Site "LSS email"]
[Date "2012.01.15"]
[Round "?"]
[White "Bartsch, Christian"]
[Black "Percze, Rajmond"]
[Result "0-1"]
[WhiteElo "1882"]
[BlackElo "2318"]
[PlyCount "130"]
[EventDate "2012.01.20"]
[EventType "tourn (corr)"]
[EventRounds "6"]
[EventCountry "GER"]
[SourceTitle "Telechess CBM 153"]
[Source "ChessBase"]
[SourceDate "2013.03.14"]
[SourceVersion "1"]
[SourceVersionDate "2013.03.14"]
[SourceQuality "1"]

1. e4 c6 2. d4 d5 3. e5 Bf5 4. Nf3 e6 5. c3 Nd7 6. Be2 h6 7. 0-0 Ne7 8. a4 Qc7 9. Na3 a6 10. Nc2 c5 11. Ne3 Bh7 12. Kh1 Nc6 13. c4 Nxd4 14. cxd5 Nxf3 15. Bxf3 Nxe5 16. dxe6 fxe6 17. Bh5+ g6 18. Be2 Bg7 19. Ng4 Nc6 20. Bxh6 Bxh6 21. Nxh6 Nd4 22. Bd3 0-0-0 23. Ng4 g5 24. Bxh7 Rxh7 25. h3 Rf7 26. Qe1 Rf4 27. f3 Kb8 28. Qe5 Qxe5 29. Nxe5 Nb3 30. Ra3 Rb4 31. Rf2 Kc7 32. Kh2 a5 33. Kg3 b6 34. Ng4 Nc1 35. Rc2 Nd3 36. b3 Kb7 37. Ne3 Nf4 38. Nc4 Rd4 39. Rca2 Kc7 40. Ne5 Nd3 41. Nf7 Rd5 42. Rc2 Kd7 43. Nh6 Ne5 44. Re2 Nc6 45. Ng4 Ke7 46. Kf2 Rd3 47. Re3 Rd2+ 48. Re2 Rxe2+ 49. Kxe2 Nd4+ 50. Kd3 Nxb3 51. Kc3 Nd4 52. Ra2 b5 53. axb5 Nxb5+ 54. Kd2 a4 55. Ne5 Kd6 56. Nf7+ Kd5 57. Nxg5 c4 58. Ne4 Kd4 59. h4 c3+ 60. Kc1 a3 61. Kc2 Rb2+ 62. Rxb2 axb2 63. Nxc3 Nxc3 64. Kxb2 Nd1+ 65. Kc1 Ne3 0-1

[Event "CP-2010-Q-00009"]
[Site "LSS email"]
[Date "2012.01.15"]
[Round "?"]
[White "Dard, Michel"]
[Black "Percze, Rajmond"]
[Result "1/2-1/2"]
[WhiteElo "2164"]
[BlackElo "2318"]
[PlyCount "87"]
[EventDate "2012.01.20"]
[EventType "tourn (corr)"]
[EventRounds "6"]
[EventCountry "GER"]
[SourceTitle "Telechess CBM 153"]
[Source "ChessBase"]
[SourceDate "2013.03.14"]
[SourceVersion "1"]
[SourceVersionDate "2013.03.14"]
[SourceQuality "1"]

1. e4 c5 2. Nf3 d6 3. d4 cxd4 4. Nxd4 Nf6 5. Nc3 g6 6. Be3 Bg7 7. f3 Nc6 8. Qd2 0-0 9. g4 Be6 10. Nxe6 fxe6 11. 0-0-0 Ne5 12. Be2 Qc8 13. Kb1 Nfd7 14. f4 Nc4 15. Bxc4 Qxc4 16. e5 Nb6 17. Bd4 Rad8 18. b3 Qb4 19. a3 Qa5 20. Rhe1 dxe5 21. fxe5 Nd5 22. Nxd5 Qxd5 23. Qe2 Qc6 24. h3 Rd5 25. c4 Rdd8 26. Bb2 Rxd1+ 27. Rxd1 a5 28. Ka2 a4 29. b4 Rf4 30. c5 Kf7 31. g5 Rf5 32. h4 h6 33. gxh6 Bxh6 34. Re1 Bf4 35. Qc4 Bg3 36. Re4 Rf2 37. b5 Qd7 38. Kb1 Qd1+ 39. Bc1 Qh1 40. c6 bxc6 41. bxc6 Rf1 42. Re2 Bf4 43. Rc2 Qg1 44. c7 1/2-1/2

[Event "CP-2010-Q-00009"]
[Site "LSS email"]
[Date "2012.01.15"]
[Round "?"]
[White "Percze, Rajmond"]
[Black "Daurelle, Herve"]
[Result "1-0"]
[WhiteElo "2318"]
[BlackElo "2260"]
[PlyCount "80"]
[EventDate "2012.01.20"]
[EventType "tourn (corr)"]
[EventRounds "6"]
[EventCountry "GER"]
[SourceTitle "Telechess CBM 153"]
[Source "ChessBase"]
[SourceDate "2013.03.14"]
[SourceVersion "1"]
[SourceVersionDate "2013.03.14"]
[SourceQuality "1"]

1. f4 d5 2. Nf3 g6 3. g3 Nf6 4. Bg2 Bg7 5. 0-0 0-0 6. d3 c5 7. Qe1 Nc6 8. h3 b6 9. e4 Bb7 10. e5 Ne8 11. c3 Nc7 12. d4 Ba6 13. Rf2 Ne6 14. Be3 Rc8 15. Qd2 cxd4 16. cxd4 Nc7 17. Nc3 Qd7 18. b3 Rfe8 19. g4 Nb4 20. Bf1 Bxf1 21. Raxf1 f5 22. Rg2 Rf8 23. gxf5 Qxf5 24. a3 Nc6 25. Nh4 Qxh3 26. Qe1 Qe6 27. f5 gxf5 28. Qg3 Ne8 29. Ne2 Nd8 30. Qg5 Rf7 31. Ng3 h6 32. Qh5 Nf6 33. Qd1 Ng4 34. Bd2 Kh7 35. Nhxf5 Nxe5 36. dxe5 Qxe5 37. Qg4 e6 38. Bxh6 Bxh6 39. Nh5 Nc6 40. Qg6+ Kh8 1-0

[Event "CP-2010-Q-00009"]
[Site "LSS email"]
[Date "2012.01.15"]
[Round "?"]
[White "Percze, Rajmond"]
[Black "Helmer, Janos"]
[Result "1/2-1/2"]
[WhiteElo "2318"]
[BlackElo "2033"]
[PlyCount "63"]
[EventDate "2012.01.20"]
[EventType "tourn (corr)"]
[EventRounds "6"]
[EventCountry "GER"]
[SourceTitle "Telechess CBM 153"]
[Source "ChessBase"]
[SourceDate "2013.03.14"]
[SourceVersion "1"]
[SourceVersionDate "2013.03.14"]
[SourceQuality "1"]

1. f4 Nf6 2. Nf3 d5 3. g3 c5 4. Bg2 Nc6 5. 0-0 g6 6. d3 Bg7 7. Qe1 0-0 8. c3 d4 9. Na3 Rb8 10. Bd2 Be6 11. h3 Qb6 12. c4 Qxb2 13. Nb5 a6 14. Nc7 Bd7 15. Qb1 Qxb1 16. Rfxb1 Rfc8 17. Nd5 b5 18. Ne5 Nxe5 19. Nxe7+ Kf8 20. Nxc8 Nxc4 21. dxc4 Rxc8 22. cxb5 axb5 23. Ba5 Ke7 24. a4 b4 25. Bb6 Kd6 26. e4 dxe3 27. Rd1+ Ke6 28. a5 e2 29. Re1 Bb5 30. Bb7 Rb8 31. a6 Bxa6 32. Rxa6 1/2-1/2

[Event "SM-2011-0-00151"]
[Site "LSS email"]
[Date "2011.04.12"]
[Round "?"]
[White "Totorat, Udo"]
[Black "Percze, Rajmond"]
[Result "0-1"]
[WhiteElo "2206"]
[BlackElo "2325"]
[PlyCount "64"]
[EventDate "2011.03.17"]
[EventType "tourn (corr)"]
[EventRounds "6"]
[EventCountry "GER"]
[SourceTitle "Telechess CBM 157"]
[Source "ChessBase"]
[SourceDate "2013.11.12"]
[SourceVersion "1"]
[SourceVersionDate "2013.11.12"]
[SourceQuality "1"]

1. e4 c5 2. Nf3 d6 3. d4 cxd4 4. Nxd4 Nf6 5. Nc3 g6 6. Be3 Bg7 7. f3 Nc6 8. Qd2 0-0 9. 0-0-0 d5 10. exd5 Nxd5 11. Nxc6 bxc6 12. Nxd5 cxd5 13. Qxd5 Qc7 14. Qc5 Qb7 15. Qa3 Bf5 16. Ba6 Qc6 17. c3 Rab8 18. Bd3 Qd5 19. Bc2 Qb5 20. Bb3 Qe2 21. Rhe1 Qxg2 22. Rd2 Qxf3 23. Qxe7 Qh3 24. Rde2 a5 25. Bd5 h5 26. a3 a4 27. Ba2 Kh7 28. Bxf7 Rfd8 29. Ba2 Rd7 30. Qg5 Re8 31. Bb1 Bxb1 32. Kxb1 Re5 0-1

[Event "CP-2010-P-00014"]
[Site "LSS email"]
[Date "2010.09.28"]
[Round "?"]
[White "Percze, Rajmond"]
[Black "Ulasevich, Sergei"]
[Result "1-0"]
[WhiteElo "2285"]
[BlackElo "2123"]
[PlyCount "85"]
[EventDate "2010.10.01"]
[EventType "tourn (corr)"]
[EventRounds "6"]
[EventCountry "GER"]
[SourceTitle "Telechess CBM 143"]
[Source "ChessBase"]
[SourceDate "2011.07.15"]
[SourceVersion "1"]
[SourceVersionDate "2011.07.15"]
[SourceQuality "1"]

1. e4 c5 2. Nf3 d6 3. d4 cxd4 4. Nxd4 Nf6 5. Nc3 a6 6. h3 g6 7. g4 Bg7 8. Bg2 0-0 9. Be3 Nc6 10. Qd2 Nd7 11. 0-0-0 Nb6 12. b3 Qc7 13. Nde2 a5 14. a4 Bd7 15. Nb5 Qd8 16. Kb1 Rc8 17. f4 Nb4 18. Rc1 Bxb5 19. axb5 Nd7 20. Rhd1 Nc5 21. e5 Qe8 22. Bxc5 Rxc5 23. c3 dxe5 24. cxb4 Rxb5 25. Rc4 exf4 26. Qd7 g5 27. Bxb7 Rxb4 28. Rxb4 axb4 29. Qxe8 Rxe8 30. Rd7 e6 31. Kc2 Rb8 32. Nc1 Re8 33. Nd3 Bf8 34. Ne5 Re7 35. Rxe7 Bxe7 36. Bf3 Bf6 37. Nc6 Kf8 38. Nxb4 Ke7 39. Nc6+ Kd6 40. b4 h6 41. Kd3 Bg7 42. Kc4 Kd7 43. Nb8+ 1-0

[Event "CP-2006-F-00001"]
[Site "LSS email"]
[Date "2010.06.28"]
[Round "?"]
[White "Percze, Rajmond"]
[Black "Kosulin, Vladyslav"]
[Result "1/2-1/2"]
[WhiteElo "2295"]
[BlackElo "2416"]
[PlyCount "73"]
[EventDate "2010.07.01"]
[EventType "tourn (corr)"]
[EventRounds "6"]
[EventCountry "GER"]
[SourceTitle "Telechess CBM 143"]
[Source "ChessBase"]
[SourceDate "2011.07.15"]
[SourceVersion "1"]
[SourceVersionDate "2011.07.15"]
[SourceQuality "1"]

1. e4 c5 2. Nf3 d6 3. d4 cxd4 4. Nxd4 Nf6 5. Nc3 a6 6. Bg5 e6 7. f4 Qb6 8. Qd2 Qxb2 9. Rb1 Qa3 10. e5 dxe5 11. fxe5 Nfd7 12. Ne4 h6 13. Bh4 Qxa2 14. Rd1 Qd5 15. Qe3 Qxe5 16. Be2 Bc5 17. Bg3 Bxd4 18. Rxd4 Qa5+ 19. Rd2 0-0 20. Bd6 Rd8 21. Qg3 Nc6 22. Bc7 Qa1+ 23. Rd1 Qb2 24. Nd6 Rf8 25. Nxc8 Raxc8 26. Rxd7 Qxc2 27. Bf4 Rfd8 28. Bxh6 Qb1+ 29. Rd1 Rxd1+ 30. Bxd1 Qb4+ 31. Bd2 Qe4+ 32. Kf2 Rd8 33. Qf4 Qb1 34. Re1 Qb2 35. Re2 Qb1 36. Re1 Qa2 37. Re2 1/2-1/2

[Event "LSS BI-2010-P-00018"]
[Site "LSS email"]
[Date "2010.04.19"]
[Round "?"]
[White "Jara, Julio Cesar"]
[Black "Percze, Rajmond"]
[Result "0-1"]
[WhiteElo "1483"]
[BlackElo "2315"]
[PlyCount "100"]
[EventDate "2010.04.22"]
[EventType "tourn (corr)"]
[EventRounds "10"]
[EventCountry "GER"]
[SourceTitle "Telechess CBM 141"]
[Source "ChessBase"]
[SourceDate "2011.03.17"]
[SourceVersion "1"]
[SourceVersionDate "2011.03.17"]
[SourceQuality "1"]

1. e4 c5 2. Nf3 d6 3. d4 cxd4 4. Nxd4 Nf6 5. Nc3 g6 6. Be3 Bg7 7. f3 Nc6 8. Qd2 0-0 9. Bc4 Bd7 10. 0-0-0 Rb8 11. Bb3 Na5 12. h4 b5 13. h5 Nc4 14. Bxc4 bxc4 15. Bh6 Qb6 16. b3 Bxh6 17. Qxh6 Qa5 18. Kb2 Rfc8 19. Qd2 Nxh5 20. Nd5 Qxd2 21. Rxd2 Ng3 22. Rhd1 Kf8 23. Ne2 Nxe2 24. Rxe2 h5 25. e5 Bb5 26. Re3 dxe5 27. Rxe5 Rd8 28. Ree1 cxb3 29. axb3 Bc6 30. Nc3 a5 31. Ra1 Rd2 32. Rg1 Ra8 33. Rad1 Rad8 34. Ra1 Rf2 35. Nd1 Re2 36. Nc3 Re5 37. Rge1 Rxe1 38. Rxe1 Rd2 39. Ne2 e5 40. Kc3 Rd5 41. Nc1 g5 42. Nd3 f6 43. Kd2 Rd8 44. Ke3 Ra8 45. Ra1 h4 46. c4 Kf7 47. Nf2 Rb8 48. Ra3 a4 49. bxa4 Rb2 50. Rd3 Ke7 0-1

[Event "LSS BI-2010-P-00018"]
[Site "LSS email"]
[Date "2010.04.19"]
[Round "?"]
[White "Sadowski, Marek"]
[Black "Percze, Rajmond"]
[Result "1/2-1/2"]
[WhiteElo "2178"]
[BlackElo "2313"]
[PlyCount "84"]
[EventDate "2010.04.22"]
[EventType "tourn (corr)"]
[EventRounds "10"]
[EventCountry "GER"]
[SourceTitle "Telechess CBM 141"]
[Source "ChessBase"]
[SourceDate "2011.03.17"]
[SourceVersion "1"]
[SourceVersionDate "2011.03.17"]
[SourceQuality "1"]

1. e4 e5 2. Nf3 Nc6 3. Bb5 a6 4. Ba4 Nf6 5. 0-0 Be7 6. Re1 b5 7. Bb3 d6 8. c3 0-0 9. h3 Bb7 10. d4 Re8 11. Nbd2 Bf8 12. a4 h6 13. Bc2 exd4 14. cxd4 Nb4 15. Bb1 c5 16. d5 g6 17. Nf1 Bg7 18. axb5 axb5 19. Rxa8 Qxa8 20. Bf4 Qa6 21. Qc1 Kh7 22. Bd2 Na2 23. Qc2 Nb4 24. Bxb4 cxb4 25. Qd2 Qa4 26. Qf4 Bxd5 27. exd5 Rxe1 28. Nxe1 Qd1 29. Bxg6+ fxg6 30. Qxb4 Nxd5 31. Qxb5 Nf4 32. Qb4 Qc1 33. Kh2 Qxb2 34. Qxb2 Bxb2 35. Ne3 Ne2 36. Nd3 Bd4 37. Nd5 Kg7 38. g4 Kf7 39. Kg2 Ke6 40. N5f4+ Nxf4+ 41. Nxf4+ Kf6 42. Ne2 Bb2 1/2-1/2